Effective communication

Saved in:
Bibliographic Details
Main Author: Whetten, David A.
Other Authors: Cameron, Kim S., Woods, Mike
Format: Book
Language:English
Published: Hammersmith : HarperCollins Publishers, c1996
Series:Developing management skills
Subjects:
Tags: Add Tag
No Tags, Be the first to tag this record!

MARC

LEADER 00000nam a2200000 i 4500
001 1/51883
008 980311s1996 eng d
020 |a 0004990420 
035 |l 10027248 
040 |a GR-MY-UA  |b gre  |e aacr 
041 0 |a eng 
082 0 |a 658.45 
100 1 |a Whetten, David A. 
245 1 0 |a Effective communication /  |c David A. Whetten, Kim Cameron, Mike Woods 
260 |a Hammersmith :   |b HarperCollins Publishers,   |c c1996 
300 |a ix, 84 p. 
490 1 |a Developing management skills 
504 |a Includes bibliography and index 
650 0 0 |a Communication in management. 
650 0 0 |a Business communication. 
700 1 |a Cameron, Kim S. 
700 1 |a Woods, Mike. 
830 0 |a Developing management skills 
852 |a INST  |b CHIOS  |e 19980311  |h 658.45 WHE  |p 005200009744  |q 005200009744  |t BK  |y 0 
901 |a BIBL-1997-3 
909 |a Χ  |b 054026 
922 |a 2ΕΛΗ  |b 199802  |c ΤΔΕ  |d ΠΑΠΑΣΩΤΗΡΙΟΥ